Circumstances surrounding the FCC's planned relocation to the Portals : hearings before the Subcommittee on Oversight and Investigations of the Committee on Commerce, House of Representatives, One Hundred Fifth Congress, second session.
| Corporate Authors: | , |
|---|---|
| Format: | Government Document eBook |
| Language: | English |
| Published: |
Washington :
U.S. G.P.O. :
1998.
|
| Series: | U.S. Congressional Hearings.
|
| Subjects: | |
| Online Access: | Connect to the full text of this electronic book Connect to the full text of this electronic book Connect to the full text of this electronic book |
MARC
| Tag | First Indicator | Second Indicator | Subfields |
|---|---|---|---|
| LEADER | 00000cam a22000001a 4500 | ||
| 001 | in00003248321 | ||
| 006 | m d f | ||
| 007 | cr bn mmmapmmp | ||
| 008 | 091027s1998 dcua ob f000 0 eng d | ||
| 005 | 20260504205110.4 | ||
| 035 | |a cis2007469399 | ||
| 040 | |a UMI |c UMI |d UtOrBLW | ||
| 043 | |a n-us--- | ||
| 074 | |a 1019-A-01 | ||
| 074 | |a 1019-B-01 (MF) | ||
| 086 | 0 | |a Y 4.C 73/8:105-120 | |
| 086 | 0 | |a Y 4.C 73/8:105-121 | |
| 086 | 0 | |a Y 4.C 73/8:105-122 | |
| 088 | |a Serial no. 105-120 (United States. Congress. House. Committee on Commerce) | ||
| 088 | |a Serial no. 105-121 (United States. Congress. House. Committee on Commerce) | ||
| 088 | |a Serial no. 105-122 (United States. Congress. House. Committee on Commerce) | ||
| 099 | |a HRG-1998-COH-0045 | ||
| 099 | |a HRG-1998-COH-0046 | ||
| 099 | |a HRG-1998-COH-0047 | ||
| 110 | 1 | |a United States. |b Congress. |b House. |b Committee on Commerce. |b Subcommittee on Oversight and Investigations. | |
| 245 | 1 | 0 | |a Circumstances surrounding the FCC's planned relocation to the Portals : |b hearings before the Subcommittee on Oversight and Investigations of the Committee on Commerce, House of Representatives, One Hundred Fifth Congress, second session. |
| 264 | 1 | |a Washington : |b U.S. G.P.O. : |c 1998. | |
| 264 | 2 | |a Washington : |b For sale by the U.S. G.P.O., Supt. of Docs., Congressional Sales Office, | |
| 300 | |a 1 online resource. | ||
| 336 | |a text |b txt |2 rdacontent | ||
| 337 | |a computer |b c |2 rdamedia | ||
| 338 | |a online resource |b cr |2 rdacarrier | ||
| 500 | |a Record is based on bibliographic data in ProQuest Congressional Hearings Digital Collection. Reuse except for individual research requires license from ProQuest, LLC. | ||
| 504 | |a Includes bibliographical references. | ||
| 538 | |a System requirements: PDF reader software. | ||
| 500 | |a Electronic resource. | ||
| 610 | 1 | 0 | |a United States. |b Federal Communications Commission. |
| 650 | 0 | |a Architecture |z Washington (D.C.) | |
| 650 | 0 | |a Business relocation |z Washington (D.C.) | |
| 655 | 7 | |a Electronic books. |2 local | |
| 710 | 2 | |a ProQuest (Firm) | |
| 776 | 0 | 8 | |i Print version: |a United States. Congress. House. Committee on Commerce. Subcommittee on Oversight and Investigations. |t Circumstances surrounding the FCC's planned relocation to the Portals |w (DGPO)99001177 |w (OCoLC)40585761 |
| 776 | 0 | 8 | |i Microfiche version: |a United States. Congress. House. Committee on Commerce. Subcommittee on Oversight and Investigations. |t Circumstances surrounding the FCC's planned relocation to the Portals. |d [Bethesda, Md.] : ProQuest,[2004] |o CIS 99 H271-22 (pt.1) |o CIS 99 H271-23 (pt.2) |o CIS 99 H271-24 (pt.3) |w (ProQuest)cis09900260 |
| 830 | 0 | |a U.S. Congressional Hearings. | |
| 856 | 4 | 0 | |u http://proxy.library.tamu.edu/login?url=https://congressional.proquest.com/congcomp/getdoc?HEARING-ID=HRG-1998-COH-0045 |z Connect to the full text of this electronic book |t 0 |
| 856 | 4 | 0 | |u http://proxy.library.tamu.edu/login?url=https://congressional.proquest.com/congcomp/getdoc?HEARING-ID=HRG-1998-COH-0046 |z Connect to the full text of this electronic book |t 0 |
| 856 | 4 | 0 | |u http://proxy.library.tamu.edu/login?url=https://congressional.proquest.com/congcomp/getdoc?HEARING-ID=HRG-1998-COH-0047 |z Connect to the full text of this electronic book |t 0 |
| 998 | |a cis09900260 | ||
| 999 | |a MARS | ||
| 999 | f | f | |s 7ff308bd-ab8e-311c-9ea3-1f9f650e9b9a |i 5091433d-da39-34d9-80f7-201da5b5d140 |t 0 |
| 952 | f | f | |a Texas A&M University |b College Station |c Electronic Resources |s www_evans |d Available Online |t 0 |e HRG-1998-COH-0047 |h Other scheme |
| 998 | f | f | |a HRG-1998-COH-0047 |t 0 |l Available Online |